| 000 | 00861cab a2200253 4500 | ||
|---|---|---|---|
| 001 | WB3325-34 | ||
| 008 | 090401t1997 xxu||||| |||| 00| 0 eng d | ||
| 035 | _a(Sirsi) u79218 | ||
| 041 | _aeng | ||
| 245 | _aStructural defects | ||
| 260 | _c1997 | ||
| 350 | _a0 | ||
| 490 |
_aTimes _v24 June 1997, 43(1) |
||
| 520 | _a"Payne and another v Barnet LBC" HL 22 May 1997. When serving notice of a purchase price on a tenant exercising his right to buy, a local authority landlord was obliged to give notice of any structural defects. | ||
| 650 | _aHOUSING ACT 1985 | ||
| 650 | _aHOUSING AND PLANNING ACT 1986 | ||
| 650 | _aLOCAL AUTHORITIES | ||
| 650 | _aPAYNE AND ANOTHER V BARNET LBC | ||
| 650 | _aRIGHT TO BUY | ||
| 650 | _aSTRUCTURAL DEFECTS | ||
| 690 | _aLANDLORD AND TENANT-CASE LAW-RESIDENTIAL TENANCIES | ||
| 942 | _n0 | ||
| 948 | _c25/06/1997 | ||
| 999 |
_c49805 _d49805 |
||